Normal view
MARC view
- Worsworth - William - Criticism and interpretation
Entry Topical Term
001 - CONTROL NUMBER
- control field: 2572
003 - CONTROL NUMBER IDENTIFIER
- control field: JO-AjAnu
005 - DATE AND TIME OF LATEST TRANSACTION
- control field: 20230606070727.0
008 - FIXED-LENGTH DATA ELEMENTS
- fixed length control field: 230606|| aca||aabn | a|a d
040 ## - CATALOGING SOURCE
- Original cataloging agency: JO-AjAnu
- Transcribing agency: JO-AjAnu
150 ## - HEADING--TOPICAL TERM
- Topical term or geographic name entry element: Worsworth - William - Criticism and interpretation
670 ## - SOURCE DATA FOUND
- Source citation: Work cat.: (JO-AjAnu)1345: robinson, daniel, author 2571, WILLIAM WORDSWORTH'S POETRY: A Reader's Guide